figure out the lana del rey song pt 5 - Statistics

General Stats
  • This quiz has been taken 123 times
  • The average score is 149 of 291
Answer Stats
Answer % Correct
i
100%
a
95%
you
92%
the
90%
love
81%
to
81%
me
80%
it
78%
we
74%
and
71%
be
70%
she
68%
my
67%
when
67%
im
66%
like
66%
we're
64%
were
64%
in
63%
so
63%
her
62%
on
60%
its
59%
for
57%
girl
57%
that
57%
got
55%
what
55%
but
54%
this
54%
all
52%
am
47%
will
46%
off
43%
summertime
42%
with
42%
how
40%
shes
40%
easy
39%
gonna
39%
ive
39%
oh
39%
bad
38%
take
38%
come
37%
doin
37%
gets
37%
livings
37%
livins
37%
dance
36%
shit
36%
from
34%
harder
34%
relationship
34%
run
34%
tell
34%
treats
34%
said
33%
id
32%
microphone
32%
people
32%
theres
31%
agree
30%
party
30%
represent
30%
them
30%
well
30%
lbc
29%
LBC
29%
most
29%
qualified
29%
rhythm
29%
evil
28%
play
27%
while
27%
bradleys
26%
Bradleys
26%
myself
26%
eyes
24%
head
24%
left
24%
mg
24%
MG
24%
sun
24%
getting
23%
home
23%
definitely
22%
rise
22%
shelf
22%
show
22%
hold
21%
louie
21%
over
21%
someday
21%
burning
20%
ras
20%
tension
20%
none
19%
lovin
18%
scandalous
18%
underwater
18%
lockdown
17%
spreads
17%
veil
17%
hotter
16%
penitentiary
15%
ornery
13%
No matching quizzes found
Score Distribution
Percent of People with Each Score
Percentile by Number Answered
Your Score History
You have not taken this quiz